Financovanie inovačných MSP v SR rizikovým kapitálom
Hlavné štádiá vývoja firmy počas jej životnosti a financovanie inovačných firiem. Financovanie inovácií MSP v SR. Financovanie inovačných MSP rizikovým kapitálom. Fondy rizikového kapitálu. Financovanie MSP spoločnosťou Seed Capital Company, s.r.o. Financovanie MSP Slovensko-americkým podnikateľs...
Guardado en:
| Autor principal: | |
|---|---|
| Otros Autores: | |
| Formato: | Capítulo de libro |
| Lenguaje: | eslovaco |
| Materias: | |
| Etiquetas: |
Sin Etiquetas, Sea el primero en etiquetar este registro!
|
MARC
| LEADER | 00000naa$a2200000$$$4500 | ||
|---|---|---|---|
| 001 | 0053609 | ||
| 005 | 20240502071624.7 | ||
| 041 | 0 | |a slo | |
| 044 | |a SK | ||
| 245 | 1 | 0 | |a Financovanie inovačných MSP v SR rizikovým kapitálom |c Magdaléna Karchová, Viktória Bobáková |
| 520 | |a Hlavné štádiá vývoja firmy počas jej životnosti a financovanie inovačných firiem. Financovanie inovácií MSP v SR. Financovanie inovačných MSP rizikovým kapitálom. Fondy rizikového kapitálu. Financovanie MSP spoločnosťou Seed Capital Company, s.r.o. Financovanie MSP Slovensko-americkým podnikateľským fondom. | ||
| 610 | 2 | 0 | |a podnik malý |
| 610 | 2 | 0 | |a podnik stredný |
| 610 | 2 | 0 | |a kapitál rizikový |
| 610 | 2 | 0 | |a inovácia |
| 610 | 2 | 0 | |a investície kapitálové |
| 610 | 2 | 0 | |a rozvoj podniku |
| 610 | 2 | 0 | |a financovanie podnikov |
| 100 | 1 | |a Karchová, Magdaléna, 1981- | |
| 700 | 1 | |a Bobáková, Viktória | |